Singapore or Ecuador - Statistics

General Stats
  • This quiz has been taken 93 times
  • The average score is 7 of 10
Answer Stats
Question Answer % Correct
Which country's capital is Quito? Ecuador
100%
Which country is in Asia? Singapore
100%
Which country's national language is Spanish? Ecuador
90%
Which country owns the Galapagos Islands? Ecuador
86%
What country is closer to Ukraine Singapore
86%
Which country is an island? Singapore
76%
Which country has the lower population density? Ecuador
71%
Which country has more UNESCO Heritage Sites? Ecuador
62%
Which country's national export are Machinery and Equipment? Singapore
52%
Which country is located in the Northern Hemisphere? Both
24%
No matching quizzes found
Score Distribution
Percent of People with Each Score
Percentile by Number Answered
Your Score History
You have not taken this quiz